Operator theory and arithmetic in H [infinity]
Αποθηκεύτηκε σε:
| Κύριος συγγραφέας: | |
|---|---|
| Μορφή: | Βιβλίο |
| Γλώσσα: | English |
| Δημοσίευση: |
Providence, R.I. :
American Mathematical Society,
c1988
|
| Σειρά: | Mathematical surveys and monographs ;
; 26 |
| Θέματα: | |
| Ετικέτες: |
Προσθήκη ετικέτας
Δεν υπάρχουν, Καταχωρήστε ετικέτα πρώτοι!
|
MARC
| LEADER | 00000cam a2200000 i 4500 | ||
|---|---|---|---|
| 001 | 1/46668 | ||
| 008 | 941103s1988 eng d | ||
| 020 | |a 0821815288 | ||
| 035 | |l 10042858 | ||
| 035 | |a 1993 |c ΑΝΟΥΣΗΣ | ||
| 040 | |a GR-MY-UA |b gre |e aacr | ||
| 041 | 0 | |a eng | |
| 082 | 0 | |a 515.724 |2 (19) | |
| 100 | 1 | |a Bercovici, Hari |d 1953- | |
| 245 | 1 | 0 | |a Operator theory and arithmetic in H [infinity] / |c Hari Bercovici |
| 260 | |a Providence, R.I. : |b American Mathematical Society, |c c1988 | ||
| 300 | |a xii, 275 p.; |c 26 cm | ||
| 490 | 1 | |a Mathematical surveys and monographs |v ; 26 | |
| 500 | |a On t.p. "[infinity]" appears as the infinity symbol | ||
| 500 | |a Includes index | ||
| 504 | |a Bibliography: p. 257-265 | ||
| 650 | 0 | 0 | |a Contraction operators. |
| 650 | 0 | 0 | |a Fredholm operators. |
| 650 | 0 | 0 | |a Hilbert space. |
| 830 | 0 | |a Mathematical surveys and monographs ; |v ; 26 | |
| 852 | |a INST |b SAMOS |e 19941103 |h 515.724 BER |p 005300003635 |q 005300003635 |t BK |y 0 | ||
| 909 | |a Σ |b 026056 | ||